| 000 | 00663nam a2200205 i 4500 | ||
|---|---|---|---|
| 001 | 108767 | ||
| 003 | ES-MaACL | ||
| 005 | 20230906184715.0 | ||
| 007 | t| | ||
| 008 | 061121s1965 sp r ||||1| spa d | ||
| 100 | 1 |
_aMontoro Puerto, Miguel. _982697 |
|
| 245 | 1 | 3 |
_aLa infracción administrativa _b: características , manifestaciones y sanción / _cMiguel Montoro Puerto. |
| 260 |
_aBarcelona : _bNauta, _c1965. |
||
| 300 |
_a409 p. ; _c21 cm. |
||
| 490 | 1 | _aColección Jurídica Nauta | |
| 650 | 4 |
_aSanciones administrativas. _9169809 |
|
| 830 | 0 |
_aColección Jurídica Nauta _9232957 |
|
| 852 |
_aES-MaACL _jC-26806 _bR.55830 |
||
| 999 |
_c108767 _d108767 |
||